000 01315cam a22003494a 4500
001 12194873
003 OSt
005 20240110124939.0
008 001004s2001 enk b 001 0 eng c
010 _a 00050238
020 _a0521802911
020 _a0521664527 (pbk.)
035 _a(DNLM)100966647
040 _aDNLM/DLC
_cDLC
_dDLC
042 _apcc
050 0 0 _aR724
_b.W33 2001
060 1 0 _aW 50
_bW256 2001
082 0 0 _aW50 W21k 2001.
_221
100 _aEdited by Thomasine K. Kushner; David C. Thomasma
_916871
245 0 0 _aWard Ethics :
_bdilemmas for medical students and doctors in training
260 _aCambridge;
_bCambridge University Press,
_c2001.
300 _axviii, 265 p. ;
_c26 cm.
504 _aIncludes bibliographical references and index.
650 0 _aMedical ethics
_910193
650 0 _xProfessional ethics
_916535
856 4 2 _3Publisher description
_uhttp://www.loc.gov/catdir/description/cam021/00050238.html
856 4 1 _3Table of contents
_uhttp://www.loc.gov/catdir/toc/cam026/00050238.html
906 _a7
_bcbc
_corignew
_d1
_eocip
_f20
_gy-gencatlg
942 _2z
_cO_SHELF
999 _c8108
_d8108